000 00524cam a22001932 4500
001 0000018384
005 20151217161144.0
008 091025s xx 000 0 eng d
020 _a1408104224 :
040 _aKABU
_cKABU
245 1 0 _aWhitaker's almanack 2009.
250 _a141st ed.
260 _aLondon :
_bJ. Whitaker,
_cc2009.
300 _a1369 :
_bill.
650 0 _aAlmanacs, English.
_@0000147993
852 1 _9p5200 KES
908 _a091025
950 _@1
999 _c15134
_d15134